| 000 | 00455nam a22001457a 4500 | ||
|---|---|---|---|
| 008 | 150108b xxu||||| |||| 00| 0 eng d | ||
| 020 | _a9781466373440 | ||
| 050 | _aB765.T54 Z64 | ||
| 100 |
_aZiccardi, James M. _913595 |
||
| 245 |
_aMedieval Philosophy : _bA practical guide to Thomas Aquinas/ _c M. James Ziccardi. |
||
| 260 |
_a[S.I.] : _b[s.n.], _c2011. |
||
| 300 |
_a97p. ; _c22 cm. |
||
| 600 |
_aThomas Aquinas, St. _913596 |
||
| 942 |
_2lcc _cMONOGRAPH |
||
| 999 |
_c121547 _d121547 |
||